[Event "Wch Seniors 50 29th"]
[Site "Bucharest"]
[Date "2019.11.23"]
[Round "11"]
[White "Koch, Alain1"]
[Black "Gilbert, Michael A"]
[Result "1/2-1/2"]
[WhiteElo "1930"]
[BlackElo "1856"]
[PlyCount "66"]
[EventDate "2019.11.12"]
[EventType "swiss"]
[EventRounds "11"]
[EventCountry "ROU"]
[SourceTitle "CBM 193 Extra"]
[Source "ChessBase"]
[SourceDate "2020.01.31"]
[SourceVersion "1"]
[SourceVersionDate "2020.01.31"]
[SourceQuality "1"]

1. d4 c5 2. e3 Nf6 3. Nf3 g6 4. c4 Bg7 5. Nc3 0-0 6. Be2 d6 7. 0-0 Nc6 8. d5 Nb4 9. a3 Na6 10. e4 Bg4 11. h3 Bxf3 12. Bxf3 Nc7 13. Qc2 Rb8 14. Be2 a6 15. a4 Qd7 16. Bd2 Nfe8 17. Bd3 b5 18. axb5 axb5 19. Ra7 bxc4 20. Bxc4 f5 21. b3 fxe4 22. Qxe4 Nf6 23. Qd3 Ra8 24. Rfa1 Rxa7 25. Rxa7 Ra8 26. Rxa8+ Nxa8 27. Ne4 Nxe4 28. Qxe4 Nc7 29. Be3 Kh8 30. Bg5 Bf6 31. Bd2 Nb5 32. Bxb5 Qxb5 33. Qc4 Qxc4 1/2-1/2

[Event "Wch Seniors 50 29th"]
[Site "Bucharest"]
[Date "2019.11.21"]
[Round "9"]
[White "Lopez de Turiso, Jose Angel"]
[Black "Gilbert, Michael A"]
[Result "1/2-1/2"]
[WhiteElo "1947"]
[BlackElo "1856"]
[PlyCount "58"]
[EventDate "2019.11.12"]
[EventType "swiss"]
[EventRounds "11"]
[EventCountry "ROU"]
[SourceTitle "CBM 193 Extra"]
[Source "ChessBase"]
[SourceDate "2020.01.31"]
[SourceVersion "1"]
[SourceVersionDate "2020.01.31"]
[SourceQuality "1"]

1. c4 c5 2. Nc3 Nc6 3. Nf3 g6 4. g3 Bg7 5. Bg2 Nf6 6. 0-0 0-0 7. d4 d6 8. dxc5 dxc5 9. Be3 Be6 10. Qa4 Qb6 11. Qb5 Nd7 12. Rac1 Nd4 13. Qxb6 axb6 14. Bxd4 cxd4 15. Nb5 Rxa2 16. Nfxd4 Rxb2 17. Nxe6 fxe6 18. Rfd1 Nc5 19. Kf1 Nb3 20. Nc7 Nxc1 21. Rxc1 Bd4 22. f4 Be3 23. Ra1 Rc8 24. Nxe6 Rc2 25. Bxb7 R2xc4 26. Bxc8 Rxc8 27. Ra7 Re8 28. Nc7 Rd8 29. Ne6 Re8 1/2-1/2

[Event "Wch Seniors 50 29th"]
[Site "Bucharest"]
[Date "2019.11.14"]
[Round "3"]
[White "Toma Andreica, Alin"]
[Black "Gilbert, Michael A"]
[Result "1/2-1/2"]
[WhiteElo "2154"]
[BlackElo "1856"]
[PlyCount "89"]
[EventDate "2019.11.12"]
[EventType "swiss"]
[EventRounds "11"]
[EventCountry "ROU"]
[SourceTitle "CBM 193 Extra"]
[Source "ChessBase"]
[SourceDate "2020.01.31"]
[SourceVersion "1"]
[SourceVersionDate "2020.01.31"]
[SourceQuality "1"]

1. e4 e6 2. d4 d5 3. Nd2 dxe4 4. Nxe4 Bd7 5. Nf3 Bc6 6. Bd3 Nd7 7. 0-0 Ngf6 8. Ng3 Bxf3 9. Qxf3 c6 10. Be3 Be7 11. c4 0-0 12. Rfd1 Qc7 13. Rac1 c5 14. Bb1 Rad8 15. Bf4 Bd6 16. Bxd6 Qxd6 17. Qxb7 cxd4 18. Qxa7 Ne5 19. Qb7 Rb8 20. Ne4 Rxb7 21. Nxd6 Rxb2 22. Rxd4 Rfb8 23. Rdd1 Neg4 24. f3 Ne3 25. Re1 Nxg2 26. Re5 Nh4 27. Rb5 Nxf3+ 28. Kf1 Nxh2+ 29. Ke1 Nf3+ 30. Kf1 Nd2+ 31. Ke1 Nxb1 32. Rxb8+ Rxb8 33. Nb5 Ra8 34. Rxb1 Rxa2 35. Nd6 g5 36. Rb7 Rc2 37. Nxf7 Ne4 38. Re7 Rxc4 39. Nh6+ Kf8 40. Rxe6 Ng3 41. Kf2 Nf5 42. Nxf5 Rf4+ 43. Kg3 Rxf5 44. Kg4 Ra5 45. Rb6 1/2-1/2

[Event "Wch Seniors 50 28th"]
[Site "Bled"]
[Date "2018.11.22"]
[Round "5"]
[White "Theuer, Carsten"]
[Black "Gilbert, Michael A"]
[Result "1/2-1/2"]
[WhiteElo "1989"]
[BlackElo "1921"]
[PlyCount "76"]
[EventDate "2018.11.18"]
[EventType "swiss"]
[EventRounds "11"]
[EventCountry "SLO"]
[SourceTitle "CBM 187 Extra"]
[Source "ChessBase"]
[SourceDate "2018.11.04"]
[SourceVersion "1"]
[SourceVersionDate "2018.11.04"]
[SourceQuality "1"]

1. e4 e6 2. d4 d5 3. Nd2 Nf6 4. e5 Nfd7 5. f4 c5 6. Ngf3 Nc6 7. c3 Qb6 8. a3 Be7 9. Rb1 cxd4 10. Nxd4 Nxd4 11. cxd4 Bxa3 12. Nf3 Bb4+ 13. Bd2 Nb8 14. Bd3 Bd7 15. Bc3 Bb5 16. 0-0 Nc6 17. Kh1 Bxd3 18. Qxd3 Be7 19. f5 exf5 20. Qxf5 Nd8 21. Rbe1 Qg6 22. Qf4 Ne6 23. Qd2 0-0 24. g3 Rfc8 25. Qe2 Rc4 26. Nd2 Nxd4 27. Qg2 Nc2 28. Nxc4 Nxe1 29. Rxe1 dxc4 30. Qxb7 Re8 31. Qd7 Kf8 32. e6 f6 33. Qxa7 Qd3 34. Qb7 Rd8 35. Kg2 Qd5+ 36. Qxd5 Rxd5 37. Re4 Rc5 38. Kf3 g5 1/2-1/2